[Event "TUR-chT 1st League"]
[Site "Konya"]
[Date "2019.07.24"]
[Round "4.4"]
[White "Demirelli, Ilyas Doguhan"]
[Black "Ozkan, Taha"]
[Result "0-1"]
[WhiteElo "1888"]
[BlackElo "2140"]
[PlyCount "76"]
[EventDate "2019.07.22"]
[EventType "team-swiss"]
[EventRounds "9"]
[EventCountry "TUR"]
[SourceTitle "CBM 191 Extra"]
[Source "ChessBase"]
[SourceDate "2019.09.30"]
[SourceVersion "1"]
[SourceVersionDate "2019.09.30"]
[SourceQuality "1"]
[WhiteTeam "Pamukkale Universiteli"]
[BlackTeam "Burhaniye"]
[WhiteTeamCountry "TUR"]
[BlackTeamCountry "TUR"]

1. c4 c6 2. b3 d5 3. Nf3 e6 4. e3 Nf6 5. Be2 Bd6 6. d4 Ne4 7. 0-0 0-0 8. Bd3 f5 9. Ba3 Bxa3 10. Nxa3 Nd7 11. b4 a6 12. Nb1 b6 13. Nbd2 Bb7 14. c5 a5 15. a3 bxc5 16. bxc5 e5 17. Qc2 Nxd2 18. Nxd2 e4 19. Be2 f4 20. exf4 Rxf4 21. Rab1 Qc7 22. g3 Rf7 23. f3 exf3 24. Rxf3 Nf6 25. Bd3 Ba6 26. Bxa6 Rxa6 27. Re1 Ra8 28. Re6 Raf8 29. Re1 Qd7 30. Qf5 Qb7 31. Qd3 Qb8 32. Rb1 Qe8 33. Re3 Qd7 34. Nf3 Ng4 35. Ne5 Nxe5 36. dxe5 Qh3 37. Qe2 d4 38. Re4 Rf2 0-1

[Event "TUR-chT2"]
[Site "Konya"]
[Date "2018.07.11"]
[Round "2.5"]
[White "Demirelli, Ilyas Doguhan"]
[Black "Tugmen, Alperen"]
[Result "1-0"]
[WhiteElo "1804"]
[BlackElo "1290"]
[PlyCount "69"]
[EventDate "2018.07.10"]
[EventType "team-swiss"]
[EventRounds "9"]
[EventCountry "TUR"]
[SourceTitle "EXT 2019"]
[Source "ChessBase"]
[SourceDate "2018.10.10"]
[SourceVersion "1"]
[SourceVersionDate "2018.10.10"]
[SourceQuality "1"]
[WhiteTeam "Denizli Onay"]
[BlackTeam "Sinop Kultur"]
[WhiteTeamCountry "TUR"]
[BlackTeamCountry "TUR"]

1. d4 f5 2. c4 e6 3. Nc3 Nf6 4. Nf3 Bb4 5. Bg5 0-0 6. e3 b6 7. Qc2 Bb7 8. Bd3 d6 9. d5 h6 10. Bxf6 Qxf6 11. dxe6 Bxf3 12. gxf3 Qxe6 13. 0-0-0 Bxc3 14. Qxc3 Qf6 15. Qb3 Nd7 16. f4 Nc5 17. Qc2 a5 18. Rhg1 Kh8 19. Rg2 g6 20. Be2 Rae8 21. Bf3 Ne4 22. Rd4 Qe6 23. h4 h5 24. Qe2 Rg8 25. Bxe4 fxe4 26. Rd5 Re7 27. Rdg5 Reg7 28. f5 Qf7 29. fxg6 Rxg6 30. Rxh5+ Kg7 31. Rxg6+ Kxg6 32. Qg4+ Kf6 33. Rf5+ Ke7 34. Rxf7+ Kxf7 35. Qf5+ 1-0